[Event "Women's Speed Chess Q2"]
[Site "chess.com INT"]
[Date "2021.05.29"]
[Round "1"]
[White "Klinova, Masha"]
[Black "Marjanovic, Annamaria"]
[Result "0-1"]
[WhiteTitle "IM"]
[BlackTitle "WGM"]
[WhiteElo "2275"]
[BlackElo "2338"]
[WhiteFideId "2802015"]
[BlackFideId "750930"]
[EventDate "2021.05.29"]

1. e4 e6 2. Nf3 d5 3. Nc3 Nf6 4. e5 Nfd7 5. d4 c5 6. dxc5 Nc6 7. Bf4 Bxc5 8. Bd3
a6 9. O-O b5 10. a3 Bb7 11. h3 Qc7 12. Re1 h6 13. Ne2 g5 14. Bg3 Rg8 15. c3 h5
16. b4 Bb6 17. Ned4 g4 18. hxg4 hxg4 19. Nxc6 gxf3 20. Na5 Rxg3 0-1

[Event "Women's Speed Chess Q2"]
[Site "chess.com INT"]
[Date "2021.05.29"]
[Round "1"]
[White "Nurmanova, Alua"]
[Black "Ovezdurdiyeva, Jemal"]
[Result "1-0"]
[WhiteTitle "WFM"]
[BlackTitle "WFM"]
[WhiteElo "2008"]
[BlackElo "2061"]
[WhiteFideId "13729390"]
[BlackFideId "14001888"]
[EventDate "2021.05.29"]

1. e4 d6 2. d4 Nf6 3. Nc3 g6 4. Be3 c6 5. Qd2 h5 6. Bd3 b5 7. Nf3 b4 8. Ne2 a5
9. Bg5 Bg7 10. Ng3 Bg4 11. e5 dxe5 12. dxe5 Nd5 13. O-O-O Bxf3 14. gxf3 Bxe5 15.
Rde1 f6 16. Bxg6+ Kf8 17. Bh6+ Kg8 18. Rxe5 fxe5 19. Qg5 Rxh6 20. Qxh6 Nf6 21.
Nxh5 Qf8 22. Nxf6+ exf6 23. Qh7# 1-0

[Event "Women's Speed Chess Q2"]
[Site "chess.com INT"]
[Date "2021.05.29"]
[Round "1"]
[White "Ribeiro, Regina"]
[Black "Atalik, Ekaterina"]
[Result "0-1"]
[WhiteTitle "WIM"]
[BlackTitle "IM"]
[WhiteElo "1920"]
[BlackElo "2430"]
[WhiteFideId "2100681"]
[BlackFideId "4130189"]
[EventDate "2021.05.29"]

1. Nf3 Nf6 2. b3 g6 3. Bb2 Bg7 4. e3 O-O 5. c4 c5 6. Be2 Nc6 7. O-O d6 8. d4
cxd4 9. Nxd4 Bd7 10. Nd2 Rc8 11. N2f3 Nxd4 12. Nxd4 a6 13. Rc1 e5 14. Nf3 Bc6
15. Qc2 Ne4 16. Rfd1 Qe7 17. Ne1 f5 18. f3 Nf6 19. Nd3 e4 20. Nb4 exf3 21. Nxc6
Qxe3+ 22. Kh1 fxe2 23. Re1 bxc6 24. Qxe2 Qxe2 25. Rxe2 Rfe8 26. Rce1 Kf7 27. h3
Rxe2 28. Rxe2 Re8 29. Rxe8 Nxe8 30. Bxg7 Nxg7 31. Kg1 Ne6 32. Kf2 Nd4 33. Ke3 c5
34. Kd3 Ke6 35. g3 Ke5 0-1

[Event "Women's Speed Chess Q2"]
[Site "chess.com INT"]
[Date "2021.05.29"]
[Round "1"]
[White "Arakhamia-Grant, Ketevan"]
[Black "Arabidze, Meri"]
[Result "0-1"]
[WhiteTitle "GM"]
[BlackTitle "IM"]
[WhiteElo "2380"]
[BlackElo "2436"]
[WhiteFideId "13600168"]
[BlackFideId "13604040"]
[EventDate "2021.05.29"]

1. e4 e5 2. Nf3 Nc6 3. Bb5 a6 4. Ba4 Nf6 5. d3 d6 6. c3 g6 7. O-O Bg7 8. Re1 O-O
9. Nbd2 Nd7 10. Nf1 Nc5 11. Bc2 Ne6 12. g3 f5 13. exf5 gxf5 14. d4 e4 15. Nh4 d5
16. Ne3 Ne7 17. Qh5 f4 18. Nef5 Nxf5 19. Nxf5 c6 20. Nxg7 Nxg7 21. Qe5 Rf5 0-1

[Event "Women's Speed Chess Q2"]
[Site "chess.com INT"]
[Date "2021.05.29"]
[Round "1"]
[White "Ziegenfuss, Antonia"]
[Black "Eswaran, Ashritha"]
[Result "0-1"]
[WhiteTitle "WFM"]
[BlackTitle "WIM"]
[WhiteElo "2157"]
[BlackElo "2244"]
[WhiteFideId "12962554"]
[BlackFideId "2080788"]
[EventDate "2021.05.29"]

1. d4 Nf6 2. c4 e6 3. Nc3 Bb4 4. f3 Nc6 5. a3 Bxc3+ 6. bxc3 b6 7. e3 Ba6 8. Bd3
Na5 9. Qe2 O-O 10. Nh3 Rc8 11. a4 c5 12. Ba3 Re8 13. dxc5 Nb3 14. Rb1 Nxc5 15.
Bxc5 Rxc5 16. O-O Qc7 17. Rb4 d5 18. cxd5 Bxd3 19. Qxd3 Rxc3 20. Qb1 exd5 21. e4
dxe4 22. fxe4 Rc2 23. Kh1 Ng4 24. Rd4 Qxh2# 0-1

[Event "Women's Speed Chess Q2"]
[Site "chess.com INT"]
[Date "2021.05.29"]
[Round "1"]
[White "Balabayeva, Xeniya"]
[Black "Berend, Elvira"]
[Result "1/2-1/2"]
[WhiteTitle "WFM"]
[BlackTitle "WGM"]
[WhiteElo "2178"]
[BlackElo "2326"]
[WhiteFideId "13719688"]
[BlackFideId "4000510"]
[EventDate "2021.05.29"]

1. e4 e5 2. Nf3 Nc6 3. Nc3 Nf6 4. Bb5 Bb4 5. O-O O-O 6. d3 d6 7. Bg5 Bxc3 8.
bxc3 Ne7 9. Bxf6 gxf6 10. Nh4 c6 11. Ba4 d5 12. Qf3 Ng6 13. Nxg6 hxg6 14. Rae1
Kg7 15. Bb3 Be6 16. Qg3 dxe4 17. Bxe6 fxe6 18. Rxe4 Qd5 19. Rg4 Kf7 20. Rxg6 Rg8
21. Rxg8 Rxg8 22. Qh3 Qxa2 23. Qh5+ Rg6 24. Qh7+ Rg7 25. Qh5+ Ke7 26. Qh8 Kf7
27. Qh5+ Rg6 28. Qh7+ Rg7 29. Qh5+ 1/2-1/2

[Event "Women's Speed Chess Q2"]
[Site "chess.com INT"]
[Date "2021.05.29"]
[Round "1"]
[White "Frattini, Beatriz Maria"]
[Black "Mkrtchian, Lilit"]
[Result "0-1"]
[WhiteTitle "WCM"]
[BlackTitle "IM"]
[WhiteElo "1854"]
[BlackElo "2388"]
[WhiteFideId "22715002"]
[BlackFideId "13300601"]
[EventDate "2021.05.29"]

1. e4 e6 2. d4 d5 3. Nc3 Nf6 4. Bg5 Be7 5. e5 Nfd7 6. h4 h6 7. Bxe7 Qxe7 8. Qg4
O-O 9. O-O-O a6 10. Nf3 c5 11. Kb1 Nc6 12. Qf4 cxd4 13. Ne2 f6 14. exf6 Rxf6 15.
Qd2 e5 16. c3 Nb6 17. cxd4 e4 18. Ne5 Nxe5 19. dxe5 Qxe5 20. Qb4 Bg4 21. Rd2 Rc8
22. Nc3 e3 23. fxe3 Qxe3 24. Nd1 Bf5+ 25. Bd3 Bxd3+ 0-1

[Event "Women's Speed Chess Q2"]
[Site "chess.com INT"]
[Date "2021.05.29"]
[Round "1"]
[White "Grigoryan, Meri"]
[Black "Antolak, Julia"]
[Result "0-1"]
[WhiteTitle "WFM"]
[BlackTitle "WIM"]
[WhiteElo "2044"]
[BlackElo "2306"]
[WhiteFideId "13300571"]
[BlackFideId "1159569"]
[EventDate "2021.05.29"]

1. d4 Nf6 2. c4 c5 3. e3 g6 4. Nf3 Bg7 5. Nc3 O-O 6. Be2 cxd4 7. exd4 d5 8. cxd5
Nxd5 9. O-O Nc6 10. Be3 Bg4 11. Nxd5 Qxd5 12. Rc1 Rfd8 13. Rc5 Qd7 14. h3 Bxf3
15. Bxf3 Rab8 16. Bg4 Qd6 17. d5 Ne5 18. Rc2 Nxg4 19. Qxg4 Qxd5 20. Bxa7 Ra8 21.
Bb6 Re8 22. a3 Qb3 23. Qe4 Qxb6 24. Rfc1 Rad8 0-1

[Event "Women's Speed Chess Q2"]
[Site "chess.com INT"]
[Date "2021.05.29"]
[Round "1"]
[White "Arpita, Mukherjee"]
[Black "Farhat Willemstein, Stela Souza"]
[Result "1-0"]
[WhiteTitle "WIM"]
[BlackTitle "WFM"]
[WhiteElo "2206"]
[BlackElo "1758"]
[WhiteFideId "5056403"]
[BlackFideId "2109808"]
[EventDate "2021.05.29"]

1. e4 c5 2. Nf3 d6 3. Bb5+ Bd7 4. Bxd7+ Qxd7 5. c4 Nc6 6. Nc3 Nf6 7. d4 cxd4 8.
Nxd4 Nxd4 9. Qxd4 g6 10. Bg5 Bg7 11. Nd5 Nh5 12. Qd2 O-O 13. Nxe7+ Kh8 14. Nd5
Rfe8 15. f3 f5 16. O-O fxe4 17. fxe4 Rxe4 18. Rae1 Rxe1 19. Qxe1 Bd4+ 20. Kh1
Re8 21. Qh4 Kg7 22. Qxd4+ Re5 23. Nf6 Nxf6 24. Bxf6+ Kg8 25. Bxe5 Qe6 26. Qxd6 1-0

[Event "Women's Speed Chess Q2"]
[Site "chess.com INT"]
[Date "2021.05.29"]
[Round "1"]
[White "Varshini, V"]
[Black "Shuvalova, Polina"]
[Result "0-1"]
[WhiteTitle "WGM"]
[BlackTitle "IM"]
[WhiteElo "2226"]
[BlackElo "2484"]
[WhiteFideId "5091241"]
[BlackFideId "24171760"]
[EventDate "2021.05.29"]

1. e4 c5 2. Nc3 Nc6 3. Nge2 d6 4. g3 g6 5. Bg2 Bg7 6. O-O Nf6 7. d3 O-O 8. f4
Rb8 9. h3 Bd7 10. g4 b5 11. Ng3 b4 12. Nce2 Ne8 13. f5 Nc7 14. g5 Nb5 15. Nf4
Be5 16. Nge2 a5 17. Nd5 Nbd4 18. f6 Nxe2+ 19. Qxe2 exf6 20. gxf6 Be6 21. Qf2
Bxd5 22. exd5 Nd4 23. Bg5 Nf5 24. Be4 Bd4 0-1

[Event "Women's Speed Chess Q2"]
[Site "chess.com INT"]
[Date "2021.05.29"]
[Round "1"]
[White "Nguyen, Thi Thanh An"]
[Black "Varney, Zoe"]
[Result "1-0"]
[WhiteTitle "WGM"]
[BlackTitle "WCM"]
[WhiteElo "2259"]
[BlackElo "1917"]
[WhiteFideId "12400300"]
[BlackFideId "436135"]
[EventDate "2021.05.29"]

1. d4 d5 2. Bf4 Nf6 3. e3 c6 4. Nf3 e6 5. c3 Nbd7 6. Nbd2 Be7 7. Bd3 O-O 8. Ne5
Bd6 9. Nxf7 Rxf7 10. Bxd6 b6 11. O-O Bb7 12. Nf3 c5 13. Ng5 Ne4 14. Nxf7 Kxf7
15. Bxe4 dxe4 16. dxc5 bxc5 17. Qh5+ Kg8 18. Rad1 Qb6 19. b3 Rc8 20. c4 Nf6 21.
Qh3 Kf7 22. Be5 Qc6 23. Rd6 1-0

[Event "Women's Speed Chess Q2"]
[Site "chess.com INT"]
[Date "2021.05.29"]
[Round "1"]
[White "Lujan, Carolina"]
[Black "Zhai, Mo"]
[Result "0-1"]
[WhiteTitle "IM"]
[BlackTitle "WGM"]
[WhiteElo "2346"]
[BlackElo "2366"]
[WhiteFideId "109878"]
[BlackFideId "8600201"]
[EventDate "2021.05.29"]

1. e4 c5 2. Nf3 Nc6 3. d4 cxd4 4. Nxd4 Nf6 5. Nc3 d6 6. g3 g6 7. Bg2 Bg4 8. Nde2
Ne5 9. h3 Bf3 10. O-O Bg7 11. Bxf3 Nxf3+ 12. Kg2 Ne5 13. f4 Nc6 14. Be3 O-O 15.
g4 Rc8 16. Ng3 d5 17. e5 d4 18. exf6 Bxf6 19. Nce4 dxe3 20. Nxf6+ exf6 21. Qxd8
Rfxd8 22. Kf3 Nd4+ 23. Ke4 Nxc2 24. Rac1 Rd2 25. f5 Re8+ 26. Kf3 Nd4+ 0-1

[Event "Women's Speed Chess Q2"]
[Site "chess.com INT"]
[Date "2021.05.29"]
[Round "1"]
[White "Martynkova, Olena"]
[Black "Buksa, Nataliya"]
[Result "0-1"]
[WhiteTitle "WIM"]
[BlackTitle "IM"]
[WhiteElo "2195"]
[BlackElo "2414"]
[WhiteFideId "14134039"]
[BlackFideId "14123622"]
[EventDate "2021.05.29"]

1. d4 d5 2. Nf3 Nf6 3. c4 e6 4. g3 Be7 5. Bg2 O-O 6. O-O dxc4 7. Qc2 b6 8. Nbd2
Bb7 9. Nxc4 Be4 10. Qd1 Nbd7 11. Bf4 Nd5 12. Ncd2 Bg6 13. e4 Nxf4 14. gxf4 Nf6
15. Qe2 c5 16. dxc5 Bxc5 17. Ne5 Bh5 18. Ndf3 Qc7 19. Rac1 Qb7 20. Rc4 Rac8 21.
Rfc1 Bd6 22. Rxc8 Rxc8 23. Rxc8+ Qxc8 24. Nd3 Bxf4 25. Nxf4 Qc1+ 26. Qf1 Qxf4
27. e5 Bxf3 28. exf6 Qg4 0-1

[Event "Women's Speed Chess Q2"]
[Site "chess.com INT"]
[Date "2021.05.29"]
[Round "1"]
[White "Cyfka, Karina"]
[Black "Kairbekova, Amina"]
[Result "1-0"]
[WhiteTitle "IM"]
[BlackTitle "WFM"]
[WhiteElo "2415"]
[BlackElo "2132"]
[WhiteFideId "1122681"]
[BlackFideId "13712799"]
[EventDate "2021.05.29"]

1. d4 d5 2. c4 e6 3. Nc3 a6 4. e3 dxc4 5. Bxc4 b5 6. Bb3 Bb7 7. Nf3 c5 8. O-O
Nd7 9. Qe2 Ngf6 10. Rd1 Bd6 11. dxc5 Nxc5 12. Bc2 Qc7 13. b4 Ncd7 14. Bb2 Bxb4
15. Rac1 Bxc3 16. Bxc3 Qxc3 17. Be4 Nxe4 18. Rxc3 Nxc3 19. Qd2 Nxd1 20. Qxd1 Rd8
21. h3 O-O 22. Qd6 Nf6 23. Qb6 Bxf3 24. gxf3 Rd1+ 25. Kg2 Rfd8 26. Qxa6 R1d5 27.
f4 Ne4 28. Kf3 Nd2+ 29. Ke2 Nb1 30. Kf3 Nc3 31. Qa5 Rc5 32. Qxd8# 1-0

[Event "Women's Speed Chess Q2"]
[Site "chess.com INT"]
[Date "2021.05.29"]
[Round "1"]
[White "Froewis, Annika"]
[Black "Gu, Xiaobing"]
[Result "0-1"]
[WhiteTitle "WFM"]
[BlackTitle "WGM"]
[WhiteElo "2143"]
[BlackElo "2263"]
[WhiteFideId "1621432"]
[BlackFideId "8602611"]
[EventDate "2021.05.29"]

1. e4 c5 2. Nf3 d6 3. d4 cxd4 4. Nxd4 Nf6 5. Nc3 a6 6. h4 e5 7. Nb3 Be6 8. f4
exf4 9. Bxf4 Be7 10. Qd2 b5 11. Bd3 Nc6 12. h5 h6 13. O-O-O Ne5 14. Nd4 Bg4 15.
Nce2 Qb6 16. Nf5 Bxf5 17. exf5 Nfg4 18. Rde1 Rc8 19. Kb1 O-O 20. Rhf1 Bf6 21.
Ng3 Qd4 22. Rd1 Nc4 23. Qc1 Nxb2 24. Bxb5 Nxd1 25. Rxd1 Qa1# 0-1

[Event "Women's Speed Chess Q2"]
[Site "chess.com INT"]
[Date "2021.05.29"]
[Round "1"]
[White "Antova, Gabriela"]
[Black "Osmak, Iulija"]
[Result "0-1"]
[WhiteTitle "FM"]
[BlackTitle "IM"]
[WhiteElo "2250"]
[BlackElo "2425"]
[WhiteFideId "2915235"]
[BlackFideId "14101602"]
[EventDate "2021.05.29"]

1. d4 f5 2. Nf3 Nf6 3. Bf4 g6 4. e3 Bg7 5. h3 d6 6. Be2 O-O 7. c4 Nc6 8. O-O Nh5
9. Bh2 e5 10. Nc3 e4 11. Nd2 Nf6 12. a3 Ne7 13. b4 Be6 14. Rc1 g5 15. f3 exf3
16. Nxf3 h6 17. d5 Bf7 18. Nd4 Qd7 19. Qc2 Rae8 20. Bd3 f4 21. Nf5 fxe3 22. Nxe3
g4 23. h4 Nh5 24. Nf5 Nxf5 25. Bxf5 Qd8 26. Bxg4 Qxh4 27. Qf5 Bd4+ 0-1

[Event "Women's Speed Chess Q2"]
[Site "chess.com INT"]
[Date "2021.05.29"]
[Round "1"]
[White "Selkirk, Rebecca"]
[Black "Papp, Petra"]
[Result "0-1"]
[WhiteTitle "WCM"]
[BlackTitle "WGM"]
[WhiteElo "1799"]
[BlackElo "2336"]
[WhiteFideId "14306514"]
[BlackFideId "739049"]
[EventDate "2021.05.29"]

1. e4 c6 2. d4 d5 3. exd5 cxd5 4. c4 Nf6 5. Nc3 g6 6. Bf4 Bg7 7. h3 O-O 8. Nf3
Nc6 9. c5 Ne4 10. Be2 Nxc3 11. bxc3 b6 12. cxb6 axb6 13. O-O Ba6 14. Re1 Na5 15.
Bxa6 Rxa6 16. Qe2 Ra7 17. Ne5 Bxe5 18. Bxe5 Nc4 19. Qf3 Nxe5 20. Rxe5 e6 21. Qe2
Qc7 22. Re3 Rfa8 23. g3 Ra3 24. Qd2 Qc4 25. Kg2 Rxa2 26. Rxa2 Rxa2 27. Qd1 b5
28. Rf3 Qa4 29. Qe1 Qc2 30. Qe5 Ra8 31. Qf6 Rf8 32. Qe5 Qb3 33. Qc7 Qc4 34. Qb7
h5 35. h4 Kg7 36. Qc7 Qxc7 0-1

[Event "Women's Speed Chess Q2"]
[Site "chess.com INT"]
[Date "2021.05.29"]
[Round "1"]
[White "Von Herman, Brigitte"]
[Black "Vo, Thi Kim Phung"]
[Result "0-1"]
[WhiteTitle "WFM"]
[BlackTitle "WGM"]
[WhiteElo "1991"]
[BlackElo "2335"]
[WhiteFideId "4628730"]
[BlackFideId "12401838"]
[EventDate "2021.05.29"]

1. e4 e6 2. d4 d5 3. Nc3 Nf6 4. exd5 exd5 5. Bd3 Be7 6. Qf3 Nc6 7. Nge2 Nb4 8.
O-O Nxd3 9. Qxd3 O-O 10. Bg5 c6 11. Rfe1 Re8 12. Ng3 Be6 13. h3 h6 14. Bd2 Qd7
15. Qf3 Bd6 16. Bxh6 Ne4 17. Bc1 Nxg3 18. fxg3 Bf5 19. Rxe8+ Rxe8 20. Qf2 Bb4
21. Bf4 Bxc3 22. bxc3 Qe6 23. g4 Bg6 24. Rb1 b5 25. Be5 f6 26. Bf4 Qe2 27. a4 a6
28. axb5 axb5 29. Rc1 Qc4 30. Bd6 Qxc3 31. Bc5 Qc4 32. g5 Re2 33. Qg3 Be4 34.
Qb8+ Kh7 35. g6+ Kxg6 36. Qg3+ Kh7 37. Qh4+ Kg8 0-1

[Event "Women's Speed Chess Q2"]
[Site "chess.com INT"]
[Date "2021.05.29"]
[Round "1"]
[White "Morris-Suzuki, Sophie"]
[Black "Li, Xueyi"]
[Result "1-0"]
[WhiteTitle "WFM"]
[BlackTitle "WGM"]
[WhiteElo "2043"]
[BlackElo "2328"]
[WhiteFideId "30922615"]
[BlackFideId "8605912"]
[EventDate "2021.05.29"]

1. e4 c6 2. d4 d5 3. e5 Bf5 4. h4 h5 5. Bg5 Qb6 6. Bd3 Bxd3 7. Qxd3 Qxb2 8. e6
f6 9. Bf4 Qxa1 10. Qb3 Qxd4 11. Qxb7 Qe4+ 12. Ne2 Qxe6 13. Qxa8 Nh6 14. Qxb8+
Kf7 15. Qxa7 Nf5 16. Qa6 Nd4 17. Qd3 c5 18. Nc3 Nxe2 19. Qxe2 Qf5 20. Bg3 d4 21.
Ne4 g6 22. O-O Kg7 23. Re1 e5 24. f3 Qc8 25. Qc4 Be7 26. Rb1 Rd8 27. Rb5 f5 28.
Bxe5+ Kh6 29. Qf7 Bf8 30. Bf4+ 1-0

[Event "Women's Speed Chess Q2"]
[Site "chess.com INT"]
[Date "2021.05.29"]
[Round "1"]
[White "Vaishali, R"]
[Black "Agrest, Inna"]
[Result "1-0"]
[WhiteTitle "WGM"]
[BlackTitle "WIM"]
[WhiteElo "2393"]
[BlackElo "2285"]
[WhiteFideId "5091756"]
[BlackFideId "1708830"]
[EventDate "2021.05.29"]

1. e4 e5 2. Nf3 Nc6 3. Bb5 a6 4. Ba4 Nf6 5. O-O b5 6. Bb3 Bc5 7. c3 d6 8. a4 Bg4
9. d3 O-O 10. Bg5 Rb8 11. Nbd2 h6 12. Bh4 Qe7 13. h3 Bh5 14. g4 Bg6 15. g5 hxg5
16. Bxg5 Bh5 17. Kh2 Nd8 18. axb5 axb5 19. Rg1 Bxf2 20. Rg2 Bb6 21. Qe1 Ne6 22.
Qh4 Bg6 23. Rf1 c6 24. Bxf6 gxf6 25. Qh6 d5 26. Nh4 Ng5 27. Nf5 Bxf5 28. Rxf5
Be3 29. Nf3 Bf4+ 30. Rxf4 exf4 31. Nxg5 1-0

[Event "Women's Speed Chess Q2"]
[Site "chess.com INT"]
[Date "2021.05.29"]
[Round "1"]
[White "Belenkaya, Dina"]
[Black "Soumya, Swaminathan"]
[Result "1-0"]
[WhiteTitle "WGM"]
[BlackTitle "IM"]
[WhiteElo "2304"]
[BlackElo "2351"]
[WhiteFideId "24142654"]
[BlackFideId "5016193"]
[EventDate "2021.05.29"]

1. e4 c5 2. Nc3 d6 3. g3 Nc6 4. Bg2 g6 5. d3 Bg7 6. Be3 e6 7. Nf3 Nd4 8. O-O Ne7
9. Ne2 Nxe2+ 10. Qxe2 Bxb2 11. Rab1 Bg7 12. d4 cxd4 13. Bxd4 O-O 14. Rfd1 Bxd4
15. Nxd4 a6 16. Qd2 e5 17. Nf3 Be6 18. Qh6 f6 19. Rxb7 Rb8 20. Ra7 Rb6 21. Bh3
Bxh3 22. Qxh3 Qc8 23. Qh6 Rf7 24. Kg2 Nf5 25. exf5 Rxa7 26. fxg6 Qe6 27. h4 1-0

[Event "Women's Speed Chess Q2"]
[Site "chess.com INT"]
[Date "2021.05.29"]
[Round "1"]
[White "Nikolova, Adriana"]
[Black "Mordido, Kylen Joy"]
[Result "1-0"]
[WhiteTitle "WGM"]
[BlackTitle "WIM"]
[WhiteElo "2243"]
[BlackElo "2014"]
[WhiteFideId "2908689"]
[BlackFideId "5219086"]
[EventDate "2021.05.29"]

1. e4 c5 2. Nf3 e6 3. d4 cxd4 4. Nxd4 a6 5. Nc3 Qc7 6. Bd3 Nf6 7. Qe2 d6 8. O-O
g6 9. Nb3 Bg7 10. a4 Nbd7 11. f4 O-O 12. a5 Re8 13. Be3 Nc5 14. Nxc5 dxc5 15. e5
Nd5 16. Ne4 c4 17. Bxc4 Nxe3 18. Nd6 Qc5 19. b4 Qa7 20. Nxe8 Nxc4+ 21. Kh1 b5
22. axb6 Nxb6 23. b5 1-0

[Event "Women's Speed Chess Q2"]
[Site "chess.com INT"]
[Date "2021.05.29"]
[Round "1"]
[White "Petrova, Irina"]
[Black "Pourkashiyan, Atousa"]
[Result "1-0"]
[WhiteTitle "WIM"]
[BlackTitle "WGM"]
[WhiteElo "2110"]
[BlackElo "2322"]
[WhiteFideId "14124122"]
[BlackFideId "12502014"]
[EventDate "2021.05.29"]

1. e4 c5 2. Nf3 e6 3. c4 a6 4. Nc3 d6 5. d4 cxd4 6. Nxd4 Nf6 7. Be2 Be7 8. O-O
Qc7 9. Be3 Nbd7 10. Qd2 b6 11. Rfc1 Bb7 12. f3 O-O 13. a4 Rac8 14. a5 bxa5 15.
Nb3 Rfd8 16. Nxa5 Ba8 17. b4 Rb8 18. b5 Nc5 19. Na4 Nfd7 20. Kh1 Nxa4 21. Rxa4
Nc5 22. Raa1 Bf6 23. Rab1 h6 24. Nb3 Be5 25. Qa2 Nxb3 26. Rxb3 axb5 27. cxb5 Qe7
28. b6 Bb7 29. f4 Bf6 30. Rc7 Rd7 31. Rxd7 Qxd7 32. Qa7 d5 33. Qxb8+ Kh7 34. e5
Be7 35. Bd3+ g6 36. Qc7 Qa4 37. Qxe7 Qxb3 38. Qxf7+ Kh8 39. Qxg6 1-0

[Event "Women's Speed Chess Q2"]
[Site "chess.com INT"]
[Date "2021.05.29"]
[Round "1"]
[White "Dordzhieva, Dinara"]
[Black "Starosta, Martyna"]
[Result "1-0"]
[WhiteTitle "WGM"]
[BlackTitle "WCM"]
[WhiteElo "2334"]
[BlackElo "1910"]
[WhiteFideId "24157570"]
[BlackFideId "21818754"]
[EventDate "2021.05.29"]

1. Nf3 Nf6 2. c4 g6 3. g3 Bg7 4. Bg2 O-O 5. d4 d6 6. Nc3 Nc6 7. O-O Bg4 8. h3
Bxf3 9. Bxf3 Nd7 10. e3 e5 11. d5 Ne7 12. Bg2 f6 13. e4 f5 14. Bd2 f4 15. h4 g5
16. hxg5 Ng6 17. Qg4 Nc5 18. Bf3 a5 19. Kg2 Rf7 20. Rh1 Bf8 21. Rh5 Rg7 22. Rah1
Qe7 23. Qh3 Qf7 24. Bg4 Re8 25. Bf5 Re7 26. b3 Qe8 27. a3 Nxb3 28. Be1 f3+ 29.
Kxf3 Nd4+ 30. Kg2 Ref7 31. Bd2 c6 32. Bxg6 Rxg6 33. Rxh7 Rfg7 34. Rh8+ Kf7 35.
Qg4 Ke7 36. Be3 Qf7 37. Qc8 Qf3+ 38. Kg1 Rf7 39. Qxb7+ Ke8 40. Qc8+ Ke7 41. dxc6
Nc2 42. Qd7# 1-0

[Event "Women's Speed Chess Q2"]
[Site "chess.com INT"]
[Date "2021.05.29"]
[Round "1"]
[White "Bodnaruk, Anastasia"]
[Black "Rakshitta, Ravi"]
[Result "0-1"]
[WhiteTitle "IM"]
[BlackTitle "WIM"]
[WhiteElo "2457"]
[BlackElo "2190"]
[WhiteFideId "4181751"]
[BlackFideId "25073230"]
[EventDate "2021.05.29"]

1. e4 e5 2. Nf3 Nc6 3. Bb5 f5 4. d3 fxe4 5. dxe4 Nf6 6. Qd3 d6 7. Qc4 Bd7 8. Nc3
a6 9. Bxc6 Bxc6 10. Ng5 Qd7 11. O-O h6 12. Ne6 b5 13. Nxf8 Rxf8 14. Qd3 b4 15.
Nd5 Bxd5 16. exd5 Kf7 17. Be3 Kg8 18. c4 a5 19. Rac1 Qg4 20. c5 Qh5 21. f3 Rae8
22. Rc4 e4 23. fxe4 Ng4 24. Rxf8+ Rxf8 25. h3 Ne5 26. Qc2 Nxc4 27. Qxc4 Qd1+ 28.
Kh2 Rf1 29. cxd6 cxd6 30. e5 Rh1+ 31. Kg3 Qe1+ 32. Kf3 Rf1+ 33. Ke4 Qh4+ 34. g4
Qxh3 35. Qc8+ Kh7 36. exd6 Qf3+ 37. Kd3 Rd1+ 38. Kc2 Qe2+ 39. Kb3 Qxe3+ 40. Ka4
Rxd5 41. d7 Qd3 0-1

[Event "Women's Speed Chess Q2"]
[Site "chess.com INT"]
[Date "2021.05.29"]
[Round "1"]
[White "Ortez, Andrea"]
[Black "Kiolbasa, Oliwia"]
[Result "0-1"]
[WhiteTitle "WIM"]
[BlackTitle "WIM"]
[WhiteElo "1969"]
[BlackElo "2255"]
[WhiteFideId "6702392"]
[BlackFideId "1154613"]
[EventDate "2021.05.29"]

1. e4 e5 2. Nf3 Nc6 3. Bb5 a6 4. Ba4 Nf6 5. Qe2 b5 6. Bb3 Bc5 7. c3 O-O 8. O-O
d5 9. d3 d4 10. Rd1 Bg4 11. Nbd2 dxc3 12. bxc3 b4 13. Bb2 bxc3 14. Bxc3 Bd4 15.
Rac1 Bxc3 16. Rxc3 Nd4 17. Qe3 Bxf3 18. Nxf3 Ng4 19. Qe1 Nxf3+ 20. gxf3 Nf6 21.
Rdc1 Nh5 22. Kh1 Nf4 23. Qe3 Rc8 24. Rg1 Qh4 25. Rg3 Kh8 26. Rc1 Rcd8 27. Rcg1
g6 28. Bc4 Rd6 29. a3 Qf6 30. a4 Rfd8 0-1

[Event "Women's Speed Chess Q2"]
[Site "chess.com INT"]
[Date "2021.05.29"]
[Round "1"]
[White "Cori T., Deysi"]
[Black "Frayna, Janelle Mae"]
[Result "1-0"]
[WhiteTitle "WGM"]
[BlackTitle "WGM"]
[WhiteElo "2388"]
[BlackElo "2179"]
[WhiteFideId "3801934"]
[BlackFideId "5212499"]
[EventDate "2021.05.29"]

1. d4 Nf6 2. Nf3 g6 3. g3 Bg7 4. Bg2 O-O 5. O-O d5 6. Ne5 c6 7. c4 Nbd7 8. Nc3
dxc4 9. Nxc4 Nb6 10. Na5 Nfd5 11. e4 Nxc3 12. bxc3 Nd7 13. Nb3 e5 14. Be3 Nb6
15. Qe2 Be6 16. Rfd1 Bc4 17. Qb2 Qe7 18. Na5 Ba6 19. d5 cxd5 20. exd5 Qd6 21.
Rab1 Rfc8 22. Bxb6 axb6 23. Qxb6 Qxb6 24. Rxb6 e4 25. d6 Bxc3 26. d7 Rd8 27.
Nxb7 Bxb7 28. Rxb7 f5 29. Bf1 Kg7 30. Bc4 Bf6 31. h3 Kf8 32. Rb6 Kg7 33. Rb7 Ra4
34. Bb3 Ra3 35. Rc7 Raa8 36. Rd5 h5 37. Kg2 Ra6 38. Bc4 Raa8 39. Rc6 Be7 40. Re6
Bf8 41. Rc6 Be7 42. Re5 Rxd7 43. Ree6 Bb4 44. Rxg6+ Kh7 45. Rh6+ Kg7 46. Rcg6+
Kf8 47. Rh8+ Ke7 48. Rxa8 1-0